A text-book of medicine for students and practitioners /

Saved in:
Bibliographic Details
Main Author: Strümpell, Adolf von, 1853-1925
Other Authors: Shattuck, Frederick Cheever, 1847-1929, Vickery, Herman Frank, b. 1856, Knapp, Philip Coombs
Format: Book
Language:English
German
Published: New York ; : D. Appleton, 1901.
Edition:3rd American ed.,
Subjects:
LEADER 01223cam a2200289 a 4500
001 c000390980
003 CARM
005 20120727150517.0
008 120727s1901 nyua 001 0 eng d
019 1 |a 5401076  |5 LACONCORD2021 
035 |a (OCoLC)9094627  |5 LACONCORD2021 
040 |a NUN:M  |b eng  |c NUN:M 
041 1 |a eng  |h ger 
100 1 |a Strümpell, Adolf von,  |d 1853-1925. 
245 1 0 |a A text-book of medicine for students and practitioners /  |c by Adolf Strümpell ; with editorial notes by Frederick C. Shattuck. 
250 |a 3rd American ed.,  |b tr. by permission from the 13th German ed. by Herman F. Vickery and Philip Coombs Knapp 
260 |a New York ; :  |b D. Appleton,  |c 1901. 
300 |a xxii, 1242 p. :  |b ill. ;  |c 25 cm. 
650 0 |a Medicine. 
700 1 |a Shattuck, Frederick Cheever,  |d 1847-1929. 
700 1 |a Vickery, Herman Frank,  |d b. 1856. 
700 1 |a Knapp, Philip Coombs. 
852 8 |b CARM  |p 0581647  |f BK 
852 8 |b SCAN  |h A3:AG06E0  |i C12808  |p 0581647  |f BK 
999 f f |i ad6c26c5-93f6-56b0-9531-9a63a7088e9a  |s 6a3c2386-9240-5dcb-84a0-5b7eccb909a0 
952 f f |p Can circulate  |a CAVAL  |b CAVAL  |c CAVAL  |d CARM 1 Store  |i book  |m 0581647 
952 f f |a CAVAL  |b CAVAL  |c CAVAL  |d Unmapped Location  |e C12808  |f A3:AG06E0  |h Other scheme